000 00696nam a22002417a 4500
008 130623b xxu||||| |||| 00| 0 eng d
020 _a81-7024-939-2
024 _cavailable
037 _cavailable
040 _aMBSTU Library
_dMBSTU Library
082 _222
_a345.05 VAC
100 _aChary, James vadackm
245 _aCrime police and correction
250 _a1st edition
260 _aNew Delhi
_bAPH Publishing
_c1998
300 _a21 cm
_b259 page
_f 10
_g21 cm
600 _aCrime
700 _aChary, James vadackm
270 _aNewDelhi
_bNew Delhi
_dIndia
365 _b900.00
_d900.00
942 _2ddc
_cBK
999 _c525
_d525